| 000 | 00741nam a22002055i 4500 | ||
|---|---|---|---|
| 001 | 156580 | ||
| 003 | ES-MaACL | ||
| 005 | 20230906210439.0 | ||
| 008 | 040802s1874 gw |||| | eng d | ||
| 040 |
_aCAM _bspa _cCAM |
||
| 100 | 1 |
_aKeary, Annie. _9128435 |
|
| 245 | 1 | 0 |
_aOldbury / _cby Annie Keary. |
| 260 |
_aLeipzig : _bBernhard Tauchnitz, _c1874. |
||
| 300 |
_a2 v. (304; 304, 16 p.) ; _c16 cm. |
||
| 490 | 1 |
_aCollection of british authors ; _v1398; 1399 |
|
| 505 | 8 | _aLas 16 p. corresponden al catálogo de Tauchnitz Edition de March 1874 | |
| 830 | 0 |
_aCollection of british authors ; _v1398; 1399 _9180703 |
|
| 852 |
_aES-MaACL _jG-11759 _z-- Enc. hol. conservando las cub. originales _z-- 2 t. en 1 v. |
||
| 999 |
_c156580 _d156580 |
||